000
00329 a2200109 4500
001
ART_47140
005
20260410161850.0
008
260409a
245
1
0
_a
Optimos de bienestar inducidos por el mercado
100
1
_a
Mantel, Rolf R.
773
0
_t
Económica
_g
- Año XLV, Nº 2 T.1 (jul./dic. 1999)
_w
REV7541
999
_c
24929
_d
24929